Chancellorsville / (Record no. 193982)
[ view plain ]
| 000 -LEADER | |
|---|---|
| fixed length control field | 01008 a2200157 4500 |
| 003 - CONTROL NUMBER IDENTIFIER | |
| control field | Nust |
| 005 - DATE AND TIME OF LATEST TRANSACTION | |
| control field | 20230131121041.0 |
| 040 ## - CATALOGING SOURCE | |
| Transcribing agency | Nust |
| 082 ## - DEWEY DECIMAL CLASSIFICATION NUMBER | |
| Classification number | 940.46,STA |
| 100 ## - MAIN ENTRY--PERSONAL NAME | |
| Personal name | Edward J. Stackpole |
| 9 (RLIN) | 108215 |
| 245 ## - TITLE STATEMENT | |
| Title | Chancellorsville / |
| 260 ## - PUBLICATION, DISTRIBUTION, ETC. | |
| Place of publication, distribution, etc. | London |
| Name of publisher, distributor, etc. | The stackpole company |
| Date of publication, distribution, etc. | 1958 |
| 300 ## - PHYSICAL DESCRIPTION | |
| Extent | 384 pages |
| 505 ## - FORMATTED CONTENTS NOTE | |
| Formatted contents note | A New General Takes Command (Page-1), Hooker Rebuilds His Army (Page-13), Preliminary Cavalry Engagements (Page-37), The Army Of Northern Virginia (Page-62), The Strategy Of The Campaign (Page-85), Hookers Plan Unfolds (Page-103), The Juggernaut Rolls Swiftly (Page-116), Hooker Begins To Slip (Page-136), Weighed In The Balance (Page-162), The Armies Meet Head On (Page-173), Jackson’s Historic Flank March (Page-203), The Storm Breaks (Page-230), Jackson’s Last Battle (Page-255), The Situation At 5 Am, May 3 (Page-276), Savage Fighting At Close Quarters (Page-287), The Sixth Corps At Fredericksburg (Page-306), The Battle Of Saleh Church (Page-329). |
| 942 ## - ADDED ENTRY ELEMENTS (KOHA) | |
| Source of classification or shelving scheme | |
| Koha item type | Book |
| Withdrawn status | Lost status | Source of classification or shelving scheme | Damaged status | Not for loan | Permanent Location | Current Location | Shelving location | Date acquired | Full call number | Barcode | Date last seen | Price effective from | Koha item type | Public note |
|---|---|---|---|---|---|---|---|---|---|---|---|---|---|---|
| Military College of Signals (MCS) | Military College of Signals (MCS) | General Stacks | 12/12/2016 | 940.46,STA | MCS29719 | 12/08/2016 | 12/12/2016 | Book | Almirah No.60, Shelf No.1 |
